00630nam a22002057a 450000500170000001000150001702000260003203500140005803700130007208200130008510000200009824500510011826000480016927000910021730000330030850000210034170000230036270000190038570000200040420230317130559.0 aENG-136253 c225.00a9788187134313 aEN-119785 bDBAD/PUB a363.7384 aBhattacharya, S aEnvironmental Toxicology/cBy S. Bhattacharaya aBeliaghatabBooks and Allied (p) Ltd.c2011 aShubham Plaza, First floor, 83/1bkolkatae700010k913365353844mbooks@cal.vsnl.net.in a222p.c24cm(pbk)bReferences aVolume 1 Ancient aBy Vijayakumari K. aBy Mumthas N.S aBy V. Sumangala